<?xml version="1.0" encoding="UTF-8"?>
<record
    xmlns:xsi="http://www.w3.org/2001/XMLSchema-instance"
    xsi:schemaLocation="http://www.loc.gov/MARC21/slim http://www.loc.gov/standards/marcxml/schema/MARC21slim.xsd"
    xmlns="http://www.loc.gov/MARC21/slim">

  <leader>01551nam a22002417a 4500</leader>
  <controlfield tag="003">NALT</controlfield>
  <controlfield tag="005">20250108161345.0</controlfield>
  <controlfield tag="008">      s2550    th                  tha d</controlfield>
  <datafield tag="020" ind1=" " ind2=" ">
    <subfield code="a">9789749588772</subfield>
  </datafield>
  <datafield tag="040" ind1=" " ind2=" ">
    <subfield code="a">NALT</subfield>
  </datafield>
  <datafield tag="041" ind1=" " ind2=" ">
    <subfield code="a">tha</subfield>
  </datafield>
  <datafield tag="090" ind1=" " ind2=" ">
    <subfield code="a">KA 62  </subfield>
    <subfield code="b">&#xE01;117 2550</subfield>
  </datafield>
  <datafield tag="245" ind1="0" ind2="0">
    <subfield code="a">&#xE01;&#xE0E;&#xE2B;&#xE21;&#xE32;&#xE22;&#xE15;&#xE23;&#xE32;&#xE2A;&#xE32;&#xE21;&#xE14;&#xE27;&#xE07; &#xE09;&#xE1A;&#xE31;&#xE1A;&#xE23;&#xE32;&#xE0A;&#xE1A;&#xE31;&#xE13;&#xE11;&#xE34;&#xE15;&#xE22;&#xE2A;&#xE16;&#xE32;&#xE19; &#xE08;&#xE31;&#xE14;&#xE1E;&#xE34;&#xE21;&#xE1E;&#xE4C;&#xE15;&#xE32;&#xE21;&#xE15;&#xE49;&#xE19;&#xE09;&#xE1A;&#xE31;&#xE1A;&#xE2B;&#xE25;&#xE27;&#xE07; &#xE40;&#xE25;&#xE48;&#xE21; 1.</subfield>
  </datafield>
  <datafield tag="250" ind1=" " ind2=" ">
    <subfield code="a">&#xE1E;&#xE34;&#xE21;&#xE1E;&#xE4C;&#xE04;&#xE23;&#xE31;&#xE49;&#xE07;&#xE17;&#xE35;&#xE48; 1</subfield>
  </datafield>
  <datafield tag="260" ind1=" " ind2=" ">
    <subfield code="a">&#xE01;&#xE23;&#xE38;&#xE07;&#xE40;&#xE17;&#xE1E;&#xE2F; : </subfield>
    <subfield code="b">&#xE23;&#xE32;&#xE0A;&#xE1A;&#xE31;&#xE13;&#xE11;&#xE34;&#xE15;&#xE22;&#xE2A;&#xE16;&#xE32;&#xE19;, </subfield>
    <subfield code="c">2550.</subfield>
  </datafield>
  <datafield tag="300" ind1=" " ind2=" ">
    <subfield code="a">1150 &#xE2B;&#xE19;&#xE49;&#xE32; :</subfield>
    <subfield code="b">&#xE20;&#xE32;&#xE1E;&#xE1B;&#xE23;&#xE30;&#xE01;&#xE2D;&#xE1A; ;</subfield>
    <subfield code="c">27 &#xE0B;&#xE21;.</subfield>
  </datafield>
  <datafield tag="500" ind1=" " ind2=" ">
    <subfield code="a">&#xE23;&#xE32;&#xE0A;&#xE1A;&#xE31;&#xE13;&#xE11;&#xE34;&#xE15;&#xE22;&#xE2A;&#xE16;&#xE32;&#xE19;&#xE08;&#xE31;&#xE14;&#xE1E;&#xE34;&#xE21;&#xE1E;&#xE4C;&#xE40;&#xE1E;&#xE37;&#xE48;&#xE2D;&#xE40;&#xE09;&#xE25;&#xE34;&#xE21;&#xE1E;&#xE23;&#xE30;&#xE40;&#xE01;&#xE35;&#xE22;&#xE23;&#xE15;&#xE34;&#xE43;&#xE19;&#xE42;&#xE2D;&#xE01;&#xE32;&#xE2A;&#xE1E;&#xE23;&#xE30;&#xE1A;&#xE32;&#xE17;&#xE2A;&#xE21;&#xE40;&#xE14;&#xE47;&#xE08;&#xE1E;&#xE23;&#xE30;&#xE1E;&#xE38;&#xE17;&#xE18;&#xE22;&#xE2D;&#xE14;&#xE1F;&#xE49;&#xE32;&#xE08;&#xE38;&#xE2C;&#xE32;&#xE42;&#xE25;&#xE01;&#xE21;&#xE2B;&#xE32;&#xE23;&#xE32;&#xE0A;&#xE17;&#xE23;&#xE07;&#xE1B;&#xE23;&#xE30;&#xE01;&#xE32;&#xE28;&#xE43;&#xE0A;&#xE49;&#xE01;&#xE0E;&#xE2B;&#xE21;&#xE32;&#xE22;&#xE15;&#xE23;&#xE32;&#xE2A;&#xE32;&#xE21;&#xE14;&#xE27;&#xE07;&#xE04;&#xE23;&#xE1A; 200 &#xE1B;&#xE35; &#xE41;&#xE25;&#xE30;&#xE1E;&#xE23;&#xE30;&#xE1A;&#xE32;&#xE17;&#xE2A;&#xE21;&#xE40;&#xE14;&#xE47;&#xE08;&#xE1E;&#xE23;&#xE30;&#xE40;&#xE08;&#xE49;&#xE32;&#xE2D;&#xE22;&#xE39;&#xE48;&#xE2B;&#xE31;&#xE27;&#xE20;&#xE39;&#xE21;&#xE34;&#xE1E;&#xE25;&#xE2D;&#xE14;&#xE38;&#xE25;&#xE22;&#xE40;&#xE14;&#xE0A;&#xE17;&#xE23;&#xE07;&#xE04;&#xE23;&#xE2D;&#xE07;&#xE2A;&#xE34;&#xE23;&#xE34;&#xE23;&#xE32;&#xE0A;&#xE2A;&#xE21;&#xE1A;&#xE31;&#xE15;&#xE34;&#xE04;&#xE23;&#xE1A; 60 &#xE1B;&#xE35;</subfield>
  </datafield>
  <datafield tag="630" ind1="4" ind2="0">
    <subfield code="a">&#xE01;&#xE0E;&#xE2B;&#xE21;&#xE32;&#xE22;&#xE15;&#xE23;&#xE32;&#xE2A;&#xE32;&#xE21;&#xE14;&#xE27;&#xE07;</subfield>
    <subfield code="9">65353</subfield>
  </datafield>
  <datafield tag="710" ind1="2" ind2=" ">
    <subfield code="a">&#xE23;&#xE32;&#xE0A;&#xE1A;&#xE31;&#xE13;&#xE11;&#xE34;&#xE15;&#xE22;&#xE2A;&#xE16;&#xE32;&#xE19;</subfield>
    <subfield code="9">4278</subfield>
  </datafield>
  <datafield tag="850" ind1=" " ind2=" ">
    <subfield code="a">NALT</subfield>
  </datafield>
  <datafield tag="942" ind1=" " ind2=" ">
    <subfield code="c">LB</subfield>
    <subfield code="2">local</subfield>
  </datafield>
  <datafield tag="999" ind1=" " ind2=" ">
    <subfield code="c">52353</subfield>
    <subfield code="d">52353</subfield>
  </datafield>
  <datafield tag="998" ind1=" " ind2=" ">
    <subfield code="j">1020</subfield>
    <subfield code="k"> &#xE19;&#xE32;&#xE07;&#xE08;&#xE33;&#xE40;&#xE23;&#xE35;&#xE22;&#xE07;  &#xE23;&#xE30;&#xE27;&#xE31;&#xE07;&#xE2A;&#xE33;&#xE42;&#xE23;&#xE07;</subfield>
  </datafield>
  <datafield tag="952" ind1=" " ind2=" ">
    <subfield code="0">0</subfield>
    <subfield code="1">0</subfield>
    <subfield code="2">local</subfield>
    <subfield code="4">0</subfield>
    <subfield code="7">0</subfield>
    <subfield code="8">CSEN</subfield>
    <subfield code="a">NALT</subfield>
    <subfield code="b">NALT</subfield>
    <subfield code="c">LAW</subfield>
    <subfield code="d">2022-02-07</subfield>
    <subfield code="o">KA 62 &#xE01;117 2550 &#xE25;.1</subfield>
    <subfield code="p">0100004203001</subfield>
    <subfield code="r">2023-01-20 00:00:00</subfield>
    <subfield code="w">2022-02-07</subfield>
    <subfield code="y">LB</subfield>
  </datafield>
</record>
